000 00795nam a22002657a 4500
003 0
005 20250927101210.0
008 250927b xxu||||| |||| 00| 0 eng d
020 _a978-1-83795-907-5
050 _aPZ 7.1
_b.B738 2023
100 _aBraswell, Liz,
_eauthor.
245 _aPart of your world :
_ba twisted tale /
_cLiz Braswell.
250 _aPaperback edition.
260 _aLondon :
_bAutumn Publishing,
_c2023.
300 _a497 pages ;
_c21 cm.
490 _aA twisted tale
650 _aAriel (Fictitious character : Disney)
_vFiction.
650 _aMermaids
_vFiction.
650 _aSea witches
_vFiction.
650 _aKingdoms
_vFiction.
650 _aFairy tales
_vAdaptations.
650 _aYoung adult fiction.
830 _aTwisted tale.
942 _2lcc
_cBK
999 _c368129
_d368129